000 00323nam a22001457a 4500
008 221021b ||||| |||| 00| 0 eng d
020 _a9780393973525
041 _aeng
080 _2eighth edition
_a781
082 _a781 FOR
100 _a21.1
101 _aMUZIK
245 _aSTUDY GUIDE
_cFORNEY K
942 _2udc
_cBK
999 _c58636
_d58636